| 000 | 00725nam a22002057a 4500 | ||
|---|---|---|---|
| 003 | OSt | ||
| 005 | 20250623072731.0 | ||
| 008 | 240723b |||||||| |||| 00| 0 eng d | ||
| 020 | _a978-971-550-861-2 | ||
| 040 |
_aDWC- Main Lib _cOC |
||
| 082 | _aFil. 100.711 R696d 2018 | ||
| 100 | _aRodriguez , Agustin Martin G. | ||
| 245 |
_aDoing philosophy/ _cAgustin Martin G. Rodriguez |
||
| 260 |
_aQuezon City : _bAteneo de Manila University Press, _cc2018. |
||
| 300 |
_avii , 132 pages : _billustrations ; _c23cm. |
||
| 504 | _aIncludes index and bibliographical references. | ||
| 650 | _a1. Philosophy - Study and teaching (higher) | ||
| 650 | _a2. Human beings- Study and teaching ( Higher) | ||
| 942 |
_2ddc _cBK - FIL _n1 |
||
| 999 |
_c2579 _d2579 |
||